| 000 | 01208 a2200241 4500 | ||
|---|---|---|---|
| 005 | 20080919142831.0 | ||
| 008 | 080919t xxu||||| |||| 00| 0 hin d | ||
| 010 | _aHIN-81144 | ||
| 020 |
_a8189405136 _c200.00 |
||
| 035 | _aHN-53490 | ||
| 037 | _bD.B.Act / Pub | ||
| 082 | _a821 | ||
| 100 | _aकश्यप, प्रभुदयाल' प्रवासी' | ||
| 245 |
_aपूर्व रंग के बाद (कविता संग्रह) _cप्रभुदयाल कश्यप' प्रवासी' |
||
| 246 |
_apurve rang ke baad(kavita Sangreh) _bBy-parbhudayal kashyap''paravase |
||
| 260 |
_aदिल्ली _bसंजय प्रकाशन _c2007 |
||
| 270 |
_a57-बी,पॉकेट-ए,फेज-11,अशोक विहार _bदिल्ली _e110052 _k011-27420386 |
||
| 300 |
_a112पृ _c22सेमी(सजिल्द) |
||
| 650 | _aहिन्दी कविताएँ | ||
| 650 | _aHindi Pomes | ||
| 942 |
_adpl _cHN _k821 / कश्यप _2ddc _h821 _mकश्यप |
||
| 999 |
_c7911 _d7911 |
||